01227 2200349 4500001002100000005001500021035002000036007000300056008004100059020002200100082001500122084001700137100003300154245021700187250003100404300002700435700003700462700003300499700003700532700003200569264004900601336002100650337003000671338002300701650002200724040002200746090002200768850001200790504003100802999002200833990002200855INLIS00000000089886220250812101124 a0010-0825000296ta250812s2025 yoi g ind d a978-634-7265-48-704223a352.34 a352.34 MUH m0 aMuhammad Noor, H.ePengarang10aMemahami desentralisasi Indonesia :b(pembaruan dalam implementasi dan dampak pemindahan ibu kota) /cH. Muhammad Noor, Annisa Wahyuni Arsyad, Gilang Wilmantara, Awal Hamzi Safaruddin; penyunting, Syifa Nurhaliza aCetakan pertama: Juli 2025 av, 97 halaman ;c23 cm0 aAnnisa Wahyuni ArsyadePengarang0 aGilang WilmantaraePengarang0 aAwal Hamzi SafaruddinePengarang0 aSyifa NurhalizaePenyunting31aYogyakarta :bStar Digital Publishing,c2025 2rdacontentateks 2rdamediaatanpa perantara 2rdacarrieravolume 4aKebijakan ekonomi aYOPDYOGbinderda aCB-D.11 2025-2378 aYOPDYOG aBibliografi: halaman 93-97 aCB-D.11/2025-2378 aCB-D.11/2025-2378